000 00857nam a22002297a 4500
005 20100409111417.0
008 100409t xxu||||| |||| 00| 0 eng d
010 _aENG-96006
020 _a97800700680241
_c195.00
020 _a00700680248
_c195.00
035 _aEN-79539
037 _bDBAD/PUB
040 _aDPL
082 _a650.1
100 _aKrishnamurthy, A. G.
245 _aTen much:
_cby A. G. Krishnamurthy
_bten ordinary process for extraordinary success/
260 _aNew Delhi
_bTata McGraw-Hill Education
_c2010
270 _a7, West Patel Nagar
_bNew Delhi
_e110008
300 _axiv, 163p. ;
_c22cm.(Pbk)
942 _2ddc
_cEN
_mKRI
_h650.1
999 _c35170
_d35170